000 00959nam a22002177a 4500
005 20240530110557.0
008 160313s2013 ua a g b 000 0 ara d
017 _a2010/15962
_bمصر . دار الكتب المصرية
020 _a9789770527931
040 _aEG-CaGPL
082 0 4 _221
_a372.86\
_bم م
100 0 _aمصطفى حسين باهى
245 1 0 _aمقدمة فى الاختبارات و المقاييس فى المجال الرياضى /
_cمصطفى حسين باهى ، احمد كمال نصارى ، مختار امين عبدالغنى
260 _aالقاهرة :
_bمكتبة الانجلو المصرية ،
_c2013 .
300 _a228 ص :
_bايض ؛
_e24 سم .
504 _aيشتمل على ارجاعات ببليوجرافية
650 0 4 _aالرياضة البدنية
_xاختبارات
650 0 4 _aالرياضة البدنية
_xمقاييس
942 _2ddc
_cBK
999 _c62583
_d62583